[Event "Tradewise Gibraltar Masters"]
[Site "Gibraltar"]
[Date "2013.01.22"]
[Round "1.2"]
[White "Aerni, Andreas"]
[Black "Kamsky, Gata"]
[Result "1/2-1/2"]
[WhiteElo "2206"]
[BlackElo "2740"]
[Annotator "Saunders,John"]
[PlyCount "48"]
[EventDate "2013.01.22"]
[EventType "swiss"]
[EventRounds "10"]
[EventCountry "ENG"]

1. e4 c5 2. c3 Nf6 3. e5 Nd5 4. d4 cxd4 5. Nf3 Nc6 6. cxd4 d6 7. Bc4 Nb6 8. Bb5
Bd7 9. e6 $5 {A plausible move in analogous positions to stymie Black's centre
but not often seen in this particular line.} Bxe6 10. Ng5 {
Possibly a bluff, but quite a good one.} Bd5 ({After} 10... Bd7 {, the move}
11. Qf3 $5 {
is perhaps a little worrying for Black, though the computer is content to reply
} f6 12. Bd3 $5 g6 13. Nxh7 Rxh7 14. Bxg6+ Rf7 {
and not worry about any tactical complexities.}) 11. Nc3 e6 (11... Bxg2 12. Rg1
Bd5 {gains time for White in return for a pawn, and now} 13. a4 {
gives White compensation for the two pawns.}) 12. O-O Be7 (12... h6 {
looks like a decent alternative.}) 13. Qh5 Bxg5 14. Bxg5 Qd7 15. a4 a6 16. a5 {
White is determined not to let Black's king get too comfortable on either side
of the board.} axb5 ({
There doesn't seem to be anything Black can do to avert the draw now. If} 16...
Nc4 17. Ba4 Nxb2 18. Nxd5 Nxa4 19. Rfe1 {and White is better.}) 17. axb6 O-O {
[diag]} (17... Rxa1 18. Rxa1 O-O 19. Bf6 {is similar to the game.}) 18. Bf6 $1
{A surprising coup.} gxf6 19. Qg4+ Kh8 20. Nxd5 {
Exploiting the pin along the diagonal.} f5 21. Qh4 exd5 22. Qf6+ Kg8 23. Qg5+
Kh8 24. Qf6+ Kg8 1/2-1/2

[Event "Tradewise Gibraltar Masters"]
[Site "Gibraltar"]
[Date "2013.01.23"]
[Round "2.8"]
[White "Teran Alvarez, Ismael"]
[Black "Short, Nigel"]
[Result "1-0"]
[WhiteElo "2399"]
[BlackElo "2690"]
[Annotator "Saunders,John"]
[PlyCount "63"]
[EventDate "2013.01.22"]
[EventType "swiss"]
[EventRounds "10"]
[EventCountry "ENG"]
[TimeControl "6600+995"]

1. e4 e6 2. d4 d5 3. Nc3 Nf6 4. e5 Nfd7 5. f4 c5 6. Nf3 Qb6 7. Be3 a6 ({
Taking on b2 is not a great idea:} 7... Qxb2 $2 8. Nb5 Na6 9. Bd2 {
and the black queen's escape route has been cut off.}) 8. a3 Qa7 (8... Qxb2 {
would be even worse here:} 9. Na4 {traps the queen.}) 9. Ne2 Nc6 10. c3 c4 {
A committal decision. The blocked position that ensues is not to every chess
player's taste. Perhaps we should mark it "to be played by GMs only".} 11. g4
b5 (11... h5 12. gxh5 Rxh5 13. Ng3 Rh8 {
was played in Kritz-Ulibin, Biel 2010, with White eventually winning.}) 12. Ng3
Nb6 13. Bg2 Na4 14. Qc2 Bd7 15. O-O h6 16. Rae1 O-O-O 17. f5 Kb8 18. Rf2 Bc8
19. Nh5 Qd7 20. Nh4 {[diag] Here some of us were hoping for 20...Na5, simply
for aesthetic reasons - four 'dim' knights on the rim could be a record. More
seriously, Black's position is starting to look creaky. White is calling all
the shots on the kingside, while Black's counterplay has so far failed to
materialise.} Rg8 21. Ref1 Qe8 22. h3 exf5 ({
'Pass' moves are no longer an option:} 22... Nb6 23. fxe6 Bxe6 24. Qh7 Be7 25.
Nf5 {puts major pressure on Black's kingside.}) 23. Nxf5 f6 (23... Bxf5 {
is probably better, but after} 24. Qxf5 g6 25. Qf4 $1 gxh5 26. e6+ Bd6 27. exf7
Bxf4 28. Bxf4+ Kc8 29. fxe8=Q Rgxe8 30. Bxh6 {
, Black is a pawn down and liable to be mauled by the white bishop pair.}) 24.
exf6 $1 Bxf5 ({If} 24... g6 25. f7 $1 Qxf7 26. Nxh6 {
is crushing. But the position is now utterly lost anyway.}) 25. Bf4+ Bd6 26.
Bxd6+ Rxd6 27. Qxf5 g6 28. Qf4 Qd8 29. f7 Rf8 30. Ng7 g5 31. Qg3 Ka7 32. Re1
1-0

[Event "Tradewise Gibraltar Masters"]
[Site "Gibraltar"]
[Date "2013.01.24"]
[Round "3.2"]
[White "Stefanova, Antoaneta"]
[Black "Wojtaszek, Radoslaw"]
[Result "1-0"]
[WhiteElo "2516"]
[BlackElo "2723"]
[Annotator "Saunders, John"]
[PlyCount "91"]
[EventDate "2013.01.22"]
[EventRounds "10"]
[EventCountry "ENG"]

1. d4 Nf6 2. c4 g6 3. g3 Bg7 4. Bg2 d5 5. Nf3 O-O 6. O-O dxc4 7. Na3 Nc6 8.
Nxc4 Be6 9. b3 Bd5 10. Bb2 a5 11. a4 Nb4 12. e3 e6 13. Qe2 Be4 14. Ne1 Bxg2 15.
Nxg2 Qe7 16. Rfd1 Rfd8 17. Rac1 Nd7 18. Nf4 c6 19. Ba3 Bf8 20. Bb2 Rdb8 21. e4
Re8 {A slightly odd choice of square for the rook since it looks unlikely to
be supporting an e6-e5 push anytime soon.} 22. Qf3 Bg7 23. e5 Red8 {Perhaps Bla
ck was trying to provoke White into playing e4-e5 before switching the rook to
the more logical d8 square.} 24. Nd3 Bf8 25. Nc5 $1 {
[diag] A strong positional idea, backed up by a deadly tactic.} Nxc5 26. dxc5
Rxd1+ 27. Rxd1 Nd5 ({
Not falling for the gorgeous trap which White set up when playing 25 Nc5. If} 
27... Qxc5 $4 28. Rd7 $3 {and now if Black plays 28...Be7 or 28...f5 to deal
with the threat of 29 Qxf7+, White plays 29 Bd4!, winning the queen.}) 28. Bd4
Bg7 29. h4 h5 30. Kg2 {Although Black has established his knight on d5, White
seems to have a solid positional plus, with better dark square control and
tying the black rook to the defence of the a5 pawn, etc.} Qc7 31. Qe4 Rd8 32.
Rd3 Bh6 33. Rf3 {Continuing to squeeze, with the idea of playing Nd6, to
attack the f7 pawn, and then Qe1 to win the a-pawn.} Ne7 ({
Black decides to jettison a pawn. Perhaps} 33... Rf8 34. Qe1 Ra8 35. Nd6 Rf8 {
was still solid, though White has the alternative of roughing up the kingside
with a g3-g4 push.}) 34. Bc3 Rd5 35. Bxa5 Qb8 36. Bc3 Nf5 (36... Rxc5 $2 {
allows} 37. Bb4 {, winning the exchange.}) 37. Nb6 Rd1 ({
White continues to find tactical tricks which indirectly defend her c5 pawn.} 
37... Rxc5 $2 {loses to} 38. Nd7 {, of course.}) 38. Rd3 {White has consolidate
d her material advantage though there could still be a considerable technical
exercise involved in winning.} Rc1 39. Bd2 ({
It looks as if White could trap the black rook by playing} 39. Nc4 {
, etc, but White prefers to liquidate some material.}) 39... Bxd2 40. Rxd2 {
Now that Black's rook has moved off the d-file, he's in big trouble because
the white rook has taken over control of the file and is helping the queen and
knight to launch an invasion on Black's weak kingside dark squares. At this
level Black is just plain lost.} Kg7 41. Qf4 Rb1 42. Nc4 $1 {Antoaneta is no
longer interested in defending her pawns as she has calculated through to the
end.} Rxb3 (42... Qe8 43. Qg5 Qe7 {
was Black's last chance to challenge the queen invasion, but then} 44. Qxe7
Nxe7 45. Rd7 {wins a second pawn on b7 and Black's counterplay is non-existent.
}) 43. Qg5 Qf8 44. Qf6+ Kh7 45. Rd7 $1 (45. Rd8 $2 Qg7 {
is not so conclusive, though White can still win eventually.}) 45... Nh6 46.
Nd2 (46. Nd2 {The knight is coming round to g5 to join in the kill:} Rb4 47.
Nf3 Rb2 48. Ng5+ Kg8 49. Rd8 {when the trick} Rxf2+ $5 50. Kxf2 Ng4+ 51. Ke2
Nxf6 52. Rxf8+ Kxf8 53. exf6 {is still hopeless for Black.}) 1-0

[Event "Tradewise Gibraltar Masters"]
[Site "Gibraltar"]
[Date "2013.01.24"]
[Round "3.7"]
[White "Yu, Yangyi"]
[Black "Zatonskih, Anna"]
[Result "1-0"]
[WhiteElo "2688"]
[BlackElo "2491"]
[Annotator "Saunders,John"]
[PlyCount "47"]
[EventDate "2013.01.22"]
[EventRounds "10"]
[EventCountry "ENG"]

1. e4 e6 2. d4 d5 3. e5 c5 4. c3 Qb6 5. Nf3 Bd7 6. Bd3 cxd4 ({
The usual intention when Black plays 4...Qb6 is to be able to play} 6... Bb5 {
here.}) 7. Nxd4 (7. cxd4 {is often seen in analogous positions but it is
insipid here. The text move is quite useful here, where the e5 pawn is not en
prise to a knight on c6.}) 7... Nc6 8. Nxc6 bxc6 9. O-O c5 10. c4 {
White has a lead in development and is slightly better here.} dxc4 11. Be4 Rd8
12. Nd2 Qa6 13. b3 $1 {White is playing sharp moves, looking for open lines in
order to capitalise on his lead in development.} Bb5 ({If} 13... cxb3 14. Qxb3
Bb5 15. Rb1 $1 {, White's attack is gathering momentum. If Black continues with
} Bxf1 16. Bb7 Qb5 17. Nxf1 Qxb3 18. Bc6+ {
and White has some compensation for the sacrificed material.}) 14. a4 $1 c3 {
[diag]} ({Perhaps Black should back off with} 14... Bc6 {
though White looks in good shape after} 15. Qe2 Ne7 16. Rb1 {, etc.}) 15. axb5
$1 Qxa1 16. Bc6+ Ke7 {Black's pieces are now in a terrible tangle.} 17. Qc2 Qa5
18. Nc4 Qc7 19. Qxc3 f6 20. Bf4 Kf7 21. g3 f5 22. Ra1 Kg6 23. Nd6 Rxd6 $2 ({
After this the game comes to a sudden end. But it is pretty hopeless: if} 23...
Bxd6 24. exd6 Qf7 25. Qxc5 Nf6 26. Rxa7 {
, Black cannot survive the pressure for long.}) 24. Be8+ 1-0

[Event "Gibraltar Masters"]
[Site "Gibraltar"]
[Date "2013.01.26"]
[Round "5.2"]
[White "Vitiugov, Nikita"]
[Black "Swiercz, Dariusz"]
[Result "1-0"]
[WhiteElo "2694"]
[BlackElo "2627"]
[Annotator "Saunders,John"]
[PlyCount "81"]
[EventDate "2013.01.22"]
[EventType "swiss"]
[EventRounds "10"]
[EventCountry "ENG"]

1. c4 Nf6 2. Nc3 e5 3. Nf3 Nc6 4. g3 d5 5. cxd5 Nxd5 6. Bg2 Nb6 7. O-O Be7 8.
a3 O-O 9. b4 f6 10. d3 Be6 11. Ne4 Qd7 12. Qc2 a5 ({Perhaps} 12... a6 {
is a more solid set-up.}) 13. b5 Nd4 14. Nxd4 exd4 (14... Qxd4 15. Be3 Qd7 16.
Bc5 {is an alternative, where White is probably a little better.}) 15. Nc5 $5
Bxc5 16. Qxc5 Na4 ({A bit too ambitious: maybe it is better to blunt White's
dangerous bishop on the long diagonal with} 16... Bd5 {, although} 17. Bxd5+
Nxd5 18. Bb2 {puts pressure along the other long diagonal.}) 17. Qc2 Qxb5 18.
Rb1 Qd7 19. Bd2 $1 ({White is not worried about being a pawn down temporarily.
} 19. Bxb7 $6 Nc3 20. Bxa8 Rxa8 {gives Black some compensation for the pawn.})
19... Nb6 20. Rfc1 Rf7 21. Bxb7 Ra7 22. Bc6 {[diag] White has restored
material equality and can now look forward to a considerable positional
advantage, with the bishop occupying the c6 square and cutting off the a7 rook
from its kingside colleagues.} Qd6 23. Qc5 Qxc5 24. Rxc5 a4 25. Rb4 Nd7 26. Rc1
Ne5 27. Bxa4 Rf8 28. Rxd4 Rfa8 29. Bd1 Rxa3 30. f4 Ra2 31. Be1 Ra1 32. Rd8+
Rxd8 33. Rxa1 Nd7 {Black has done quite well to reactivate his position but he
is still a pawn down.} 34. Ra6 Nb6 35. Ba5 Ra8 (35... Rd6 {
is better but it still looks grim for Black.}) 36. Rxa8+ Nxa8 37. Ba4 Kf7 (
37... Nb6 38. Bxb6 cxb6 39. Kf2 {
leads to a probably lost bishop and pawns endgame.}) 38. Kf2 Ke7 39. e4 Kd6 40.
Bb4+ (40. d4 {
threatens mate in one with Bb4, so the Black king has to back up with} Ke7 {
, allowing} 41. d5 {with what looks like a comfortable win.}) 40... c5 41. Ba5
(41. Ba5 {A slightly premature resignation but an example line is} Bd7 42. e5+
fxe5 43. fxe5+ Ke6 44. Bxd7+ Kxd7 45. Ke3 {, when the knight can never escape
and what remains is a won king and pawn endgame.}) 1-0

[Event "Tradewise Gibratar Chess Festival 2013 "]
[Site "?"]
[Date "2013.01.27"]
[Round "6.6"]
[White "Dzagnidze, Nana"]
[Black "Adams, Michael"]
[Result "0-1"]
[WhiteElo "2555"]
[BlackElo "2725"]
[PlyCount "82"]
[EventDate "2013.01.22"]

1. d4 Nf6 2. Nf3 e6 3. c4 b6 4. g3 Bb7 5. Bg2 c5 6. d5 exd5 7. Nh4 g6 8. Nc3
Bg7 9. O-O d6 10. Bg5 Qd7 11. cxd5 h6 12. Bd2 b5 13. a3 O-O 14. e4 Na6 15. Qb3
Nc7 16. Rfe1 a5 17. Qa2 Rfe8 18. a4 b4 19. Nd1 Re7 20. f4 Rae8 21. Nf2 {[diag]}
Nfxd5 $1 22. exd5 ({The computer suggests} 22. Rad1 {but after} Nf6 {Black is j
ust a pawn up. Nana decides to test Mickey's combination but so much the worse
for her.}) 22... Re2 $1 {The problem is that the d2 bishop is embarrassed...}
23. Rxe2 Rxe2 24. Rd1 Bd4 {... and so is the f2 knight.} 25. Be1 Qe8 26. Nf3
Qe3 27. Qb1 Rxb2 28. Qc1 Qxc1 $1 {
The absence of queens in no way lessens the potency of the black pieces.} 29.
Rxc1 Be3 30. Rd1 c4 {A position for Benoni players to relish, as the black
pawns bear down on the queenside. It's getting desperate now and White tries a
risky trick.} 31. Ne5 $5 dxe5 32. d6 Bxg2 $1 {Nerves of steel.} 33. f5 (33. d7
Ne6 34. d8=Q+ Nxd8 35. Rxd8+ Kh7 36. Kxg2 c3 {and the c-pawn is just too fast.}
) 33... Bb7 34. d7 Bg5 35. d8=Q+ Bxd8 36. Rxd8+ Kg7 37. Rd7 Rb1 38. Kf1 c3 39.
f6+ (39. Rxc7 Ba6+ 40. Kg2 Rxe1 {and the black pawns win the game.}) 39... Kxf6
40. Ng4+ Kg5 41. Nxe5 c2 0-1

[Event "Tradewise Gibratar Chess Festival 2013 "]
[Site "?"]
[Date "2013.01.28"]
[Round "7.7"]
[White "Short, Nigel D"]
[Black "Larino Nieto, David"]
[Result "1-0"]
[WhiteElo "2690"]
[BlackElo "2497"]
[Annotator "Saunders,John"]
[PlyCount "71"]
[EventDate "2013.01.22"]

1. e4 e5 2. Nf3 Nc6 3. Bb5 Nd4 4. Nxd4 exd4 5. O-O c6 6. Ba4 Nf6 7. Re1 d6 ({
Black is a known Bird's Defence aficionado, it seems. He played} 7... h5 8. e5
Ng4 9. g3 d3 {here in a Spanish Championship game in 2012.}) 8. d3 Bg4 ({
Unusual. Black has played} 8... Be7 {here.}) 9. f3 Be6 10. c4 g6 11. f4 Bg4 12.
Qd2 Bc8 13. b4 {For some bizarre reason, White's odd configuration of pawns
and pieces around the axis of d2-d4 reminds me of a hanukkah candle, though
the bishop on a4 slightly spoils the effect.} Bg7 14. h3 Nd7 15. Bd1 {
Even more hanukkah-ish...} Qb6 16. Na3 O-O 17. Rb1 f5 $6 {This looks
as White is able to open up the a2-g8 diagonal to his advantage and the
kingside looks vulnerable.} 18. exf5 gxf5 19. c5 $1 {A pawn sacrifice, which
Black doesn't accept, but the open lines gained would have been worth it.} dxc5
20. bxc5 Qd8 ({Probably better than} 20... Qxc5 21. Bb3+ Kh8 22. Nc4 Nb6 23.
Ne5 {when White dominates the position and gets ready for a final attack.}) 21.
Qb4 (21. Nc4 {is also very good, as in the previous note.}) 21... b6 22. cxb6
axb6 23. Bf3 Bb7 24. Nc4 (24. Bxc6 Bxc6 25. Qc4+ Kh8 26. Qxc6 {
is also possible but Short prefers to keep more pieces on the board.}) 24...
Kh8 25. Nd6 (25. Qe7 {
is also very strong, setting up the threat of Nd6 and Nf7+. If, for example,}
Qxe7 26. Rxe7 Rad8 27. Nxb6 {
regaining the pawn and maintaining the attacking momentum.}) 25... Ba6 26. Bxc6
Rb8 27. Re8 Qc7 (27... Rxe8 {allows} 28. Nf7+ {, winning the queen.}) 28. Rxb8
(28. Nf7+ Kg8 29. Rxf8+ {and, for example,} Bxf8 30. Qb3 $1 {
and White is having all the fun.}) 28... Nxb8 29. Bb5 Bxb5 30. Nxb5 Qf7 31. Qb3
Qg6 32. Ba3 Rg8 33. Qd5 Bf6 34. Bd6 Qg3 ({
Black has more or less given up and is trying a last throw.} 34... Qg7 35. Be5
Bxe5 36. fxe5 {and White will soon be a safe two pawns up, if not more.}) 35.
Bxb8 Qxd3 (35... Rxb8 {allows the fork} 36. Qd6 {.}) 36. Rb3 1-0